Chemické procesy

Bibliographic Details
Main Authors: Búgel, Milan (Author), Bakalár, Tomáš, 1978- (Author)
Format: Book
Language:Slovak
PhysicalDescription:116 s. ilustr., sch., tab. 29 cm
Published: Košice Technická univerzita 2011
ISBN:9788055306384
Edition:1. vyd.
Subjects:

MARC

LEADER 00000nam a2200000 a 4500
001 vtls010280878
003 SK-MaSNL
005 20260302011751.0
008 240318s2011 xo dal d p 000 0 slo
015 |a SNBA2011/08-04305 
020 |a 9788055306384  |q (brož.) 
035 |a 93F38EC7-69CF-4024-80A2-4810A9E936B6 
035 |a urn:nbn:sk:snk-amk1i7 
035 |a urn:nbn:sk:snk-am0087kh 
040 |a SNK  |b slo  |c SNK  |e AACR2 
041 0 |a slo 
044 |a xo  |c SK 
072 7 |a 542  |x Praktická laboratórna chémia. Preparatívna a experimentálna chémia  |2 konspekt 
080 |a 542.9  |2 2001 
080 |a (075.8)  |2 2001 
100 1 |a Búgel, Milan  |4 aut  |9 12939 
245 1 0 |a Chemické procesy  |c Milan Búgel, Tomáš Bakalár 
250 |a 1. vyd. 
260 |a Košice  |b Technická univerzita  |c 2011 
300 |a 116 s.  |b ilustr., sch., tab.  |c 29 cm 
366 |e 75 výt. 
504 |a Bibliogr. s. 116 
650 0 7 |a chemické procesy  |2 SNKPH  |9 50893 
650 0 7 |a Chemical processes  |2 SNKPHeng  |9 321446 
655 7 |a učebnice vysokých škôl  |2 SNKPH  |9 70191 
655 7 |a Textbooks (higher)  |2 SNKPHeng  |9 276436 
700 1 |a Bakalár, Tomáš,  |d 1978-  |4 aut  |9 203790 
919 |a 978-80-553-0638-4 
958 |a OND 
958 |a NB 
968 |d 53+54 
999 |c 1007341  |d 1009271 
952 |a SNK  |b SNK  |y PREZ  |7 0  |p 17A0703097  |o snkSB 81524  |i snk2011/12056  |8 0  |0 0  |1 0  |4 0  |d 2011-05-24  |f 1  |l 0  |r 2025-05-05 00:00:00  |w 2026-02-24 
952 |a SNK  |b SNK  |y VYP  |7 0  |p 17A0703098  |o snkSB 81524 D1  |i snk2011/12057  |8 0  |0 0  |1 0  |4 0  |d 2011-05-24  |l 0  |r 2016-06-30 00:00:00  |w 2026-02-24